00513nam a2200181Ia 450000500170000000800410001702000150005808200130007324500230008625000180010926000380012730000150016565000150018065000220019594200060021795200950022399900130031820240702023559.0240331s9999 xx 000 0 und d a0140440488 a100bPLA 0aPlato the republic a2nd (Revised) aNew ZealandbPenguin Books c1974 a467, p .,  aPhilosophy aPolitical affairs cL 001040708LaWERCLbWERCLcSSCd2024-03-31l0o 100 PLAp1354r2024-03-31w2024-03-31yL c695d695